Export market identification: the role of economic size and socioeconomic development.
Skúma sa ako pomocou veľkosti hospodárstva a stupňa sociálno-ekonomického vývoja danej krajiny možno predpovedať veľkosť trhu vývozu. Štúdia spracúva údaje o 102 výrobkoch, 82 štátoch v troch rôznych rokoch. Uvedené dve premenné sú dobrým indikátorom, nie však pre všetky druhy výrobkov. Dôsledky pre...
Uložené v:
| Hlavný autor: | |
|---|---|
| Ďalší autori: | |
| Médium: | Kapitola |
| Jazyk: | English |
| Predmet: | |
| Tagy: |
Žiadne tagy, Buďte prvý, kto otaguje tento záznam!
|
MARC
| LEADER | 00000naa a2200000 4500 | ||
|---|---|---|---|
| 001 | r005021 | ||
| 005 | 20221130103637.1 | ||
| 041 | 0 | |a eng | |
| 044 | |a DE | ||
| 245 | 1 | 0 | |a Export market identification: the role of economic size and socioeconomic development. |c R.T. Green, A.K. Kohli |
| 520 | |a Skúma sa ako pomocou veľkosti hospodárstva a stupňa sociálno-ekonomického vývoja danej krajiny možno predpovedať veľkosť trhu vývozu. Štúdia spracúva údaje o 102 výrobkoch, 82 štátoch v troch rôznych rokoch. Uvedené dve premenné sú dobrým indikátorom, nie však pre všetky druhy výrobkov. Dôsledky pre politiku marketingu, pre export. | ||
| 610 | 2 | 0 | |a výskum trhu |
| 610 | 2 | 0 | |a vývoz |
| 610 | 2 | 0 | |a rozvoj sociálno-ekonomický |
| 610 | 2 | 0 | |a hospodárstvo národné |
| 610 | 2 | 0 | |a marketing |
| 610 | 2 | 0 | |a porovnanie štatistické medzinárodné |
| 610 | 2 | 0 | |a výrobky |
| 100 | 1 | |a Green, R.T. | |
| 700 | 1 | |a Kohli, A.K. | |